000 01296cam a22003858a 4500
001 317747635
003 OSt
005 20170803180344.0
008 090328s2007 nyua 001 0 eng
015 _aGBA932731
_2bnb
020 _a9780071615860 (pbk.)
020 _a0071615865 (pbk.)
035 _a(OCoLC)317747635
040 _aUKM
_cUKM
_dBTCTA
_dYDXCP
_dORX
_dTXH
_dQBX
_dOCLCQ
082 0 4 _a004.0151
_222
082 0 4 _a510
_222
_bLSS
090 _aQA162
_b.L56 2007
100 1 _aLipschutz, Seymour
_95997
245 1 0 _aSchaum's outline of discrete mathematics /
_cSeymour Lipschutz, Marc Lars Lipson
246 3 0 _aDiscrete mathematics
246 3 0 _aOutline of discrete mathematics
246 1 4 _aSchaum's outlines discrete mathematics
250 _a3rd ed
260 _aNew York :
_bSchaum ;
_aLondon :
_bMcGraw-Hill [distributor],
_cc2007
300 _axi, 474 p. :
_bill. ;
_c28 cm
490 1 _aSchaum's outline series
500 _aIncludes index
650 0 _aMathematics
_958322
650 0 _aMathematics
_vProblems, exercises, etc
_958323
650 0 _aComputer science
_xMathematics
_958324
650 0 _aComputer science
_xMathematics
_vProblems, exercises, etc
_94595
700 1 _aLipson, Marc
_945915
830 0 _aSchaum's outline series
_958325
942 _2ddc
_cBOOK
999 _c40370
_d309990